Statistiche per Bandiere di Paesi con più di 100 Milioni di Persone

Clicka qui per fare il quiz!

Statistiche generali

  • Questo quiz è stato fatto 2.674 volte
  • Il punteggio medio è 14 su 15

Statistiche sulle risposte

Risposta% Corretto
Cina
100%
Brasile
99%
Giappone
99%
Russia
99%
Stati Uniti
99%
India
97%
Messico
96%
Egitto
93%
Nigeria
93%
Indonesia
87%
Pakistan
87%
Bangladesh
85%
Filippine
77%
Etiopia
75%
Repubblica Democratica del Congo
73%

Distribuzione punteggi

Percentile per numero di risposta

Percentuale di utenti per punteggio

I tuoi punteggi nel tempo

Non hai fatto questo quiz